[Event "CRO-chT"]
[Site "?"]
[Date "2000.09.19"]
[Round "9"]
[White "Smirin Ilia"]
[Black "Morovic Fernandez Ivan"]
[Result "1/2-1/2"]
[WhiteElo "2677"]
[BlackElo "2608"]
[PlyCount "93"]
[EventDate "2000.??.??"]
[Source "www.chesslib.no"]
[SourceDate "2004.05.04"]

1. e4 c5 2. Ne2 Nf6 3. Nbc3 d6 4. g3 Nc6 5. Bg2 g6 6. O-O Bg7 7. f4 Bg4 8. h3 Bxe2 9. Nxe2 O-O 10. d3 e6 11. g4 d5 12. g5 Ne8 13. c3 Ne7 14. h4 c4 15. dxc4 Qb6+ 16. Kh2 dxe4 17. Ng3 Nd6 18. Qe2 Rac8 19. Be3 Qa6 20. Nxe4 Nxe4 21. Bxe4 Qxc4 22. Qxc4 Rxc4 23. Bd3 Rc7 24. Bxa7 b6 25. Bxb6 Rb7 26. Bc5 Rxb2+ 27. Rf2 Rxf2+ 28. Bxf2 Nd5 29. a4 Bxc3 30. Ra3 Bb4 31. Rb3 Ra8 32. Bb5 Rc8 33. Kg3 Kf8 34. Kf3 Ke7 35. Bd3 Kd6 36. Bd4 Ra8 37. Bb5 Rc8 38. Be5+ Ke7 39. Bd3 Ra8 40. Bb5 Rc8 41. Rb1 Rc2 42. Ke4 Bd6 43. Bd3 Rc7 44. a5 Nc3+ 45. Bxc3 Rxc3 46. a6 Ra3 47. Rb7+ 1/2-1/2

[Event "Tch (Men) 2005/2006 FRA"]
[Site "?"]
[Date "2006.04.01"]
[Round "6"]
[White "Bacrot Etienne"]
[Black "Relange Eloi"]
[Result "0-1"]
[WhiteElo "2717"]
[BlackElo "2490"]
[PlyCount "48"]
[EventDate "2006.??.??"]
[Source "www.chesslib.no"]
[SourceDate "2004.05.04"]

1. e4 c5 2. Ne2 d6 3. g3 d5 4. Nbc3 d4 5. Nd5 g5 6. d3 h6 7. Bg2 e6 8. c4 exd5 9. cxd5 Ne7 10. O-O Ng6 11. b4 Nd7 12. bxc5 Bxc5 13. Bb2 Qf6 14. f4 gxf4 15. Nxf4 Nxf4 16. Rxf4 Qg5 17. Rc1 b6 18. Qa4 O-O 19. Rf5 Qg7 20. Qc6 Rb8 21. Qc7 f6 22. d6 Rb7 23. Qc6 Ne5 24. Qd5+ Qf7 0-1

[Event "Dortmund Open"]
[Site "Dortmund GER"]
[Date "1991.??.??"]
[Round "9"]
[White "Balashov, Yuri S"]
[Black "Dvoirys, Semen I"]
[Result "1-0"]
[WhiteElo "2580"]
[BlackElo "2560"]
[PlyCount "113"]
[EventDate "1991.03.??"]
[Source "www.chesslib.no"]
[SourceDate "2004.05.04"]

1. e4 c5 2. Ne2 Nf6 3. Nbc3 e5 4. g3 Nc6 5. Bg2 d6 6. d3 Be7 7. O-O O-O 8. h3 Nd4 9. f4 b6 10. g4 Bb7 11. Ng3 exf4 12. Bxf4 Ne8 13. Qd2 Ne6 14. Be3 Bf6 15. Nf5 Be5 16. Rf2 N8c7 17. Raf1 Nd4 18. Bxd4 cxd4 19. Ne2 Ne6 20. c3 dxc3 21. bxc3 Rc8 22. h4 Rc7 23. d4 Bf6 24. g5 Nxg5 25. hxg5 Bxg5 26. Qd3 g6 27. Ne3 Qc8 28. e5 Ba6 29. Qe4 dxe5 30. Nd5 f5 31. Qxe5 Rcf7 32. Qg3 Qd8 33. Ndf4 Bc4 34. d5 Bh4 35. Qf3 Bxf2+ 36. Rxf2 Qf6 37. Nd4 Rd7 38. Bf1 Bxf1 39. Kxf1 Re8 40. Re2 Rxe2 41. Qxe2 Qe7 42. Nde6 Qa3 43. Qe5 Qd6 44. Qd4 b5 45. a4 a6 46. a5 Qa3 47. Qe5 Qd6 48. Qe3 h6 49. Qd4 Rf7 50. Nxg6 Kh7 51. Ngf8+ Kg8 52. Qg1+ Kh8 53. Qg6 Qxd5 54. Qxh6+ Kg8 55. Qg5+ Kh8 56. Ng6+ Kh7 57. Qh5+ 1-0

[Event "Haninge"]
[Site "?"]
[Date "1992.??.??"]
[Round "?"]
[White "Tiviakov, S."]
[Black "Ernst, Th"]
[Result "0-1"]
[WhiteElo "2575"]
[BlackElo "2535"]
[PlyCount "106"]
[EventDate "1992.??.??"]
[Source "ChessBase"]
[SourceDate "1992.02.01"]

1. e4 c5 2. Ne2 d6 3. g3 e5 4. Bg2 g6 5. O-O Bg7 6. c3 Nc6 7. d3 Nge7 8. a3 a5 9. Be3 O-O 10. f4 exf4 11. gxf4 f5 12. Nd2 Be6 13. Nf3 Kh8 14. Qe1 Bg8 15. Ng3 c4 16. exf5 Nxf5 17. Nxf5 Rxf5 18. Ng5 cxd3 19. Be4 Rf6 20. Bxd3 Qd7 21. Rf3 Re8 22. Qh4 d5 23. Rd1 Qe7 24. Bf2 Qf8 25. Qh3 Rxf4 26. Bxg6 Rxf3 27. Nxf3 Re6 28. Bc2 Re2 29. Rd2 Rxd2 30. Nxd2 d4 31. Ne4 Qf4 32. Kg2 Qc1 33. Bd3 dxc3 34. bxc3 Qxa3 35. Qc8 Qe7 36. Bc5 Qf7 37. Nd6 Qa2+ 38. Kf1 Ne5 39. Bc4 Qb1+ 40. Kf2 Qc2+ 41. Be2 Qxc3 42. Nxb7 Nd3+ 43. Bxd3 Qxd3 44. Nd6 Bd4+ 45. Bxd4+ Qxd4+ 46. Kf3 a4 47. Qd8 Qc3+ 48. Kf4 a3 49. Nb5 Qc1+ 50. Ke4 Qe1+ 51. Kf3 Qf1+ 52. Ke3 Qg1+ 53. Kd2 a2 0-1

[Event "RUS-Cup"]
[Site "?"]
[Date "2000.??.??"]
[Round "8"]
[White "Balashov Yuri S"]
[Black "Najer Evgeniy"]
[Result "1/2-1/2"]
[WhiteElo "2534"]
[BlackElo "2572"]
[PlyCount "31"]
[EventDate "2000.??.??"]
[Source "www.chesslib.no"]
[SourceDate "2004.05.04"]

1. e4 c5 2. Ne2 d6 3. g3 d5 4. Bg2 dxe4 5. Nbc3 Nf6 6. Nxe4 Nxe4 7. Bxe4 Nc6 8. d3 Bg4 9. h3 Bd7 10. Be3 e5 11. Nc3 Bd6 12. g4 O-O 13. h4 Nd4 14. h5 Be7 15. Nd5 Bc6 16. Nxe7+ 1/2-1/2

[Event "RUS Cup final 5th"]
[Site "Kazan"]
[Date "2001.10.11"]
[Round "10"]
[White "Galliamova, Alisa"]
[Black "Popov, Valerij"]
[Result "1/2-1/2"]
[WhiteElo "2547"]
[BlackElo "2559"]
[PlyCount "58"]
[EventDate "2001.10.02"]
[Source "ChessBase"]
[SourceDate "2001.02.01"]

1. e4 c5 2. Ne2 d6 3. g3 g6 4. Bg2 Bg7 5. c3 Nf6 6. d4 O-O 7. O-O Nbd7 8. h3 Rb8 9. Be3 b6 10. a4 Qc7 11. Na3 a6 12. b4 Bb7 13. Qd3 Rfc8 14. Rad1 e6 15. g4 Bf8 16. f4 d5 17. e5 Ne4 18. dxc5 bxc5 19. Bxe4 cxb4 20. cxb4 Bxb4 21. Nb1 Bc6 22. Bg2 Bxa4 23. Rc1 Bc2 24. Qd4 Qa5 25. Bf2 Rc4 26. Qe3 Bc5 27. Qd2 Bb4 28. Qe3 Bc5 29. Qd2 Bb4 1/2-1/2

[Event "RUS-ch"]
[Site "Krasnodar"]
[Date "2002.09.03"]
[Round "8"]
[White "Balashov, Yuri S"]
[Black "Popov, Valerij"]
[Result "0-1"]
[WhiteElo "2526"]
[BlackElo "2579"]
[PlyCount "86"]
[EventDate "2002.08.27"]
[Source "ChessBase"]
[SourceDate "2002.11.12"]

1. e4 c5 2. Ne2 Nf6 3. Nbc3 d6 4. g3 b5 5. Bg2 Bb7 6. O-O Nbd7 7. d3 a6 8. h3 e6 9. g4 Be7 10. f4 b4 11. Na4 O-O 12. g5 Ne8 13. h4 f6 14. Ng3 g6 15. b3 e5 16. Qg4 exf4 17. Bxf4 Ng7 18. Rf2 fxg5 19. hxg5 Ne5 20. Bxe5 Rxf2 21. Bxg7 Rxg2+ 22. Kxg2 Kxg7 23. Rh1 Bxg5 24. Nb6 Bc8 25. Nxc8 Rxc8 26. e5 dxe5 27. Ne4 Bf4 28. Qe6 a5 29. Nd6 Rc7 30. Ne8+ Kf8 31. Nxc7 Qxc7 32. Re1 Kg7 33. Kf3 h5 34. Re4 Qf7 35. Qxf7+ Kxf7 36. Rc4 g5 37. Rxc5 g4+ 38. Kg2 h4 39. Rc4 h3+ 40. Kg1 g3 41. Re4 Kf6 42. Kf1 Kf5 43. Kg1 Kg4 0-1

[Event "Moscow RUS"]
[Site "?"]
[Date "2005.02.19"]
[Round "5"]
[White "Galliamova Alisa"]
[Black "Ghaem Maghami Ehsan"]
[Result "0-1"]
[WhiteElo "2477"]
[BlackElo "2623"]
[PlyCount "110"]
[EventDate "2005.??.??"]
[Source "www.chesslib.no"]
[SourceDate "2004.05.04"]

1. e4 c5 2. Ne2 e6 3. g3 d5 4. Bg2 dxe4 5. Bxe4 Nf6 6. Bg2 Bd7 7. O-O Bc6 8. d4 Bxg2 9. Kxg2 Nc6 10. dxc5 Bxc5 11. Qxd8+ Rxd8 12. a3 O-O 13. Nbc3 h6 14. h3 Rd7 15. Na4 Be7 16. Be3 Rc8 17. Nac3 b6 18. Rad1 Rb7 19. Nb5 a6 20. Nbc3 Na5 21. Bc1 b5 22. Rd3 Kf8 23. g4 Rd7 24. Rxd7 Nxd7 25. Rd1 Ke8 26. b3 Bf6 27. Bb2 Nb7 28. Rd2 Nbc5 29. f3 Nb6 30. Nd1 Bxb2 31. Nxb2 Nd5 32. Kf2 Ke7 33. Nd1 Nd7 34. Ne3 N7f6 35. Nxd5+ Nxd5 36. h4 Nc3 37. Nd4 Nb1 38. Rd1 Nxa3 39. Ra1 b4 40. c4 Rc7 41. g5 hxg5 42. hxg5 g6 43. f4 Kd6 44. Rd1 Kc5 45. Nf3 a5 46. Ne5 a4 47. bxa4 b3 48. a5 Kb4 49. a6 Kc3 50. Rd3+ Kc2 51. Ke2 b2 52. Nf3 b1=Q 53. Nd4+ Kb2 54. Rb3+ Ka2 55. Rxb1 Nxb1 0-1

[Event "Balatonbereny"]
[Site "Balatonbereny"]
[Date "1996.??.??"]
[Round "1"]
[White "Varga, Zoltan"]
[Black "Dao Thien Hai"]
[Result "1-0"]
[WhiteElo "2540"]
[BlackElo "2560"]
[PlyCount "91"]
[EventDate "1996.06.13"]
[Source "ChessBase"]

1. e4 c5 2. Ne2 d6 3. c4 Nf6 4. Nbc3 e6 5. d4 cxd4 6. Nxd4 Be7 7. g4 h6 8. Be3 Nc6 9. Rg1 a6 10. Qd2 Ne5 11. Be2 Qc7 12. Rc1 Bd7 13. f4 Ng6 14. Nf3 Rc8 15. Bd3 Bc6 16. Ke2 Qb8 17. b4 h5 18. g5 Ng4 19. Bb6 d5 20. e5 N4xe5 21. fxe5 dxc4 22. Be4 Nxe5 23. Bxc6+ Rxc6 24. Bd4 Nd3 25. Bxg7 Rg8 26. Bd4 Bxb4 27. Rb1 e5 28. Bxe5 Re6 29. Rxb4 Nxb4 30. Qe3 Qc8 31. Ne4 Rgg6 32. Nh4 c3 33. Nxg6 Qc4+ 34. Kf3 Nc2 35. Qxc3 Qxc3+ 36. Bxc3 fxg6 37. Rc1 Na3 38. Bb2 Nb5 39. a4 Nd6 40. Nf6+ Kd8 41. Bc3 Nc4 42. Ne4 Rc6 43. Rd1+ Ke7 44. Bb4+ Ke6 45. Rd8 Ne5+ 46. Kf4 1-0

[Event "Campionato europeo 2007"]
[Site "Dresda GER"]
[Date "2007.04.11"]
[Round "8.89"]
[White "Asrian, Karen"]
[Black "Womacka, Mathias"]
[Result "1/2-1/2"]
[WhiteElo "2635"]
[BlackElo "2460"]
[PlyCount "55"]
[EventDate "2007.04.03"]
[Source "www.chesslib.no"]
[SourceDate "2004.05.04"]

1. e4 c5 2. Ne2 d6 3. g3 e5 4. Bg2 g6 5. c3 Bg7 6. d4 Nc6 7. dxc5 dxc5 8. Qxd8+ Kxd8 9. Na3 Nf6 10. Bg5 h6 11. Rd1+ Ke7 12. Bxf6+ Bxf6 13. Nb5 Be6 14. Nc7 Rad8 15. Nd5+ Bxd5 16. exd5 Na5 17. Nc1 Nc4 18. Nd3 b6 19. O-O Rhe8 20. Rfe1 Kf8 21. b4 e4 22. Rxe4 Rxe4 23. Bxe4 Nd6 24. Bf3 c4 25. Nb2 Be7 26. Nxc4 Nxc4 27. Re1 Ne5 28. Rxe5 1/2-1/2

[Event "Mind Sports Games - Blitz Ind"]
[Site "Pechino CINA"]
[Date "2008.10.04"]
[Round "2"]
[White "Bartel, Mat"]
[Black "Nolte, R."]
[Result "1-0"]
[WhiteElo "2602"]
[BlackElo "2489"]
[PlyCount "135"]
[EventDate "2008.10.04"]
[Source "www.chesslib.no"]
[SourceDate "2004.05.04"]

1. e4 c5 2. Ne2 d6 3. g3 Nc6 4. Bg2 g6 5. c3 e5 6. d4 Bg7 7. Be3 cxd4 8. cxd4 Nge7 9. d5 Nb8 10. Nbc3 O-O 11. O-O f5 12. f3 a6 13. a4 Nd7 14. a5 Nf6 15. h3 h6 16. g4 fxg4 17. fxg4 Bd7 18. Qd2 Kh7 19. Na4 Bxa4 20. Rxa4 Qd7 21. Ra3 Rac8 22. Ng3 Nfg8 23. Rxf8 Rxf8 24. Rb3 Bf6 25. Qb4 Bh4 26. Ne2 Rb8 27. Rc3 Rc8 28. Rb3 Rb8 29. Ba7 Ra8 30. Qxb7 Rxa7 31. Rb6 Nc8 32. Rxa6 Rxb7 33. Rc6 Nge7 34. Rc2 Rb5 35. Nc3 Rxa5 36. b4 Ra3 37. Bf1 Be1 38. Nb5 Rg3+ 39. Kh2 Rf3 40. Bg2 Bg3+ 41. Kg1 Rb3 42. Rc7 Kg8 43. Na7 Nxa7 44. Rxa7 Kf7 45. Ra6 Rb1+ 46. Bf1 Rxb4 47. Rxd6 Rxe4 48. Rxd7 Kf6 49. d6 Nc6 50. Rc7 Nb4 51. Rh7 Bf4 52. d7 Rd4 53. Bb5 Rd6 54. Rh8 Nd5 55. d8=Q+ Rxd8 56. Rxd8 Ne3 57. Bd3 h5 58. Rd6+ Ke7 59. Rxg6 hxg4 60. hxg4 Kf7 61. Kf2 Nd1+ 62. Kf3 Nb2 63. Bf5 Nc4 64. Rc6 Nd2+ 65. Ke2 Nb3 66. Be6+ Kf6 67. Bxb3+ Kg5 68. Be6 1-0

[Event "Groningen"]
[Site "Groningen"]
[Date "1989.??.??"]
[Round "?"]
[White "Kuijf, Marinus"]
[Black "Hellers, Ferdinand"]
[Result "1/2-1/2"]
[WhiteElo "2530"]
[BlackElo "2560"]
[PlyCount "48"]
[EventDate "1989.12.??"]
[Source "ChessBase"]

1. e4 c5 2. Ne2 d6 3. Nbc3 Nf6 4. g3 Nc6 5. Bg2 g6 6. d3 Bg7 7. O-O O-O 8. h3 Rb8 9. f4 Ne8 10. Be3 Nc7 11. Qd2 b5 12. Rae1 b4 13. Nd1 Rb5 14. f5 Ra5 15. Nc1 Nb5 16. Bh6 Ne5 17. Bxg7 Kxg7 18. Ne3 Ra4 19. fxg6 hxg6 20. Nf5+ gxf5 21. Qg5+ Kh7 22. exf5 Rg8 23. Qh5+ Kg7 24. Bd5 Rh8 1/2-1/2

[Event "60th ch-RUS Higher League"]
[Site "Krasnoyarsk RUS"]
[Date "2007.09.13"]
[Round "10"]
[White "Romanov, E."]
[Black "Kornev, Alexei"]
[Result "1-0"]
[WhiteElo "2521"]
[BlackElo "2567"]
[PlyCount "121"]
[EventDate "2007.09.03"]
[Source "www.chesslib.no"]
[SourceDate "2004.05.04"]

1. e4 c5 2. Ne2 Nf6 3. Nbc3 d6 4. g3 g6 5. Bg2 Nc6 6. d3 Bg7 7. h3 O-O 8. O-O Rb8 9. f4 Nd7 10. g4 b5 11. Ng3 b4 12. Nce2 a5 13. Rb1 Ba6 14. f5 c4 15. d4 c3 16. bxc3 bxc3 17. Rb3 Rb4 18. Be3 Rc4 19. Rf3 Qc7 20. Bf1 a4 21. Rxc3 Nce5 22. dxe5 Nxe5 23. Bd4 Nxf3+ 24. Rxf3 Rxc2 25. Bxg7 Kxg7 26. Qd4+ Kg8 27. Rc3 Rxc3 28. Nxc3 Bb7 29. Nge2 gxf5 30. gxf5 f6 31. Nf4 Kh8 32. Ncd5 Bxd5 33. Nxd5 Rg8+ 34. Kf2 Qc2+ 35. Kf3 Qb1 36. Qf2 Rg7 37. Ne3 a3 38. Qc2 Qe1 39. Qf2 Qa1 40. Qc2 Rg8 41. Qd1 Qe5 42. Qe1 Rg5 43. Qf2 Qa1 44. Qc2 d5 45. exd5 Qe5 46. Qf2 Qc3 47. Ke4 Qb2 48. Kf3 Qd4 49. Qh2 Qc3 50. Qf4 Rg1 51. Kf2 Rg8 52. Bc4 Qd2+ 53. Kf3 Rg1 54. Qb8+ Rg8 55. Qc7 Qe1 56. Ke4 Qb1+ 57. Kf4 Qb4 58. d6 e5+ 59. Kf3 Rf8 60. d7 Qe7 61. Nd5 1-0

[Event "Ch"]
[Site "Ch Russia"]
[Date "1994.??.??"]
[Round "?"]
[White "Kharlov, Andrei"]
[Black "Dvoirys, Semen I"]
[Result "1-0"]
[WhiteElo "2535"]
[BlackElo "2550"]
[PlyCount "74"]
[EventDate "1994.??.??"]
[Source "www.chesslib.no"]
[SourceDate "2004.05.04"]

1. e4 c5 2. Ne2 d6 3. Nbc3 Nf6 4. g3 Nc6 5. Bg2 e5 6. d3 g6 7. O-O Bg7 8. f4 O-O 9. h3 exf4 10. Bxf4 h6 11. Qd2 Kh7 12. g4 Ne5 13. Ng3 Ne8 14. Rf2 Nc7 15. Raf1 Qe7 16. Nge2 b5 17. b3 Bb7 18. d4 b4 19. Nd5 Nxd5 20. exd5 Nd7 21. dxc5 Nxc5 22. Qxb4 a5 23. Qd2 a4 24. Ng3 axb3 25. cxb3 Ba6 26. Re1 Qd7 27. Bf1 Bxf1 28. Rexf1 Rae8 29. Be3 Ne4 30. Kg2 Rd8 31. Qb2 Rfe8 32. b4 Qc8 33. Rxf7 Kg8 34. Bc1 Qf5 35. Rf2 Rb8 36. Qd2 g5 37. h4 Bc3 1-0

[Event "otb"]
[Site "otb"]
[Date "2007.04.23"]
[Round "3"]
[White "Baklan Vladimir"]
[Black "Tukhaev Adam"]
[Result "1/2-1/2"]
[WhiteElo "2618"]
[BlackElo "2466"]
[PlyCount "76"]
[Source "www.chesslib.no"]
[SourceDate "2004.05.04"]

1. e4 c5 2. Ne2 d6 3. g3 d5 4. Bg2 dxe4 5. Nbc3 f5 6. O-O Nf6 7. d3 exd3 8. Nf4 Nc6 9. Re1 dxc2 10. Bxc6+ bxc6 11. Qxc2 Kf7 12. Qe2 Qd6 13. Nd3 Nd5 14. Bf4 Nxf4 15. Nxf4 e6 16. Rad1 Qe7 17. Qf3 g5 18. Nd3 Bg7 19. Qh5+ Kf8 20. Nxc5 Bf6 21. Qh6+ Kf7 22. Nd3 Rb8 23. Re3 Qf8 24. Ne5+ Bxe5 25. Qh5+ Kf6 26. Rxe5 Rxb2 27. Re3 h6 28. Qf3 Rb6 29. Ne4+ Kg6 30. Nd6 g4 31. Qf4 c5 32. Nc4 Rb4 33. a3 Rb7 34. Nd6 Rb6 35. Nc4 Rb7 36. Nd6 Rb6 37. Nc4 Rb7 38. Nd6 Rb6 1/2-1/2

[Event "EUCup final"]
[Site "Solingen"]
[Date "1976.??.??"]
[Round "?"]
[White "Kavalek, Lubomir"]
[Black "Gulko, Boris F"]
[Result "1/2-1/2"]
[WhiteElo "2540"]
[BlackElo "2530"]
[PlyCount "64"]
[EventDate "1976.??.??"]
[Source "ChessBase"]

1. e4 c5 2. Ne2 d6 3. g3 d5 4. Bg2 dxe4 5. Bxe4 Nf6 6. Bg2 Nc6 7. O-O e5 8. d3 Be7 9. Nd2 O-O 10. Nc4 Nd5 11. Nc3 Be6 12. Re1 Bf6 13. Ne4 Be7 14. Nc3 Bf6 15. Be4 Rc8 16. Nxd5 Bxd5 17. c3 Re8 18. a4 Rc7 19. Qf3 Rd7 20. a5 Re6 21. Qe3 Qe7 22. b3 g6 23. Ba3 Bg5 24. Qxc5 Qd8 25. Qb5 f5 26. Bxd5 Rxd5 27. Qxb7 Rxd3 28. Bc5 e4 29. Nb2 Rd7 30. Qb5 Ne5 31. Red1 Bd2 32. Nc4 a6 1/2-1/2

[Event "Moscow RUS"]
[Site "?"]
[Date "2004.02.22"]
[Round "6"]
[White "Grigoriants Sergey"]
[Black "Zhigalko Andrey"]
[Result "1/2-1/2"]
[WhiteElo "2551"]
[BlackElo "2515"]
[PlyCount "94"]
[EventDate "2004.??.??"]
[Source "www.chesslib.no"]
[SourceDate "2004.05.04"]

1. e4 c5 2. Ne2 Nf6 3. Nbc3 d6 4. g3 g6 5. Bg2 Bg7 6. O-O O-O 7. d3 Nc6 8. h3 Rb8 9. a4 a6 10. g4 b5 11. axb5 axb5 12. Ng3 b4 13. Nce2 Bb7 14. Be3 Nd7 15. Rb1 Nd4 16. Qd2 Nxe2+ 17. Nxe2 Re8 18. f4 Ra8 19. f5 Ra2 20. b3 Ne5 21. g5 Qa5 22. Nf4 Ra8 23. Qd1 Qd8 24. h4 gxf5 25. exf5 Bxg2 26. Kxg2 Nc6 27. f6 Bh8 28. Rc1 Ne5 29. Kg1 exf6 30. Nd5 fxg5 31. Qh5 Qd7 32. Qxg5+ Kf8 33. Qg2 Qg4 34. Qxg4 Nxg4 35. Bf4 Rd8 36. Kg2 Bb2 37. Rce1 Be5 38. Kg3 Bxf4+ 39. Nxf4 Nf6 40. Ne6+ fxe6 41. Rxf6+ Kg7 42. Rfxe6 Rxc2 43. Re7+ Kh8 44. R1e6 Rg8+ 45. Kf4 Rf8+ 46. Kg5 Rcf2 47. Rxd6 R2f7 1/2-1/2

[Event "Milan Crespi op 21st"]
[Site "Milan"]
[Date "2000.12.05"]
[Round "4"]
[White "Drazic, Sinisa"]
[Black "Sveshnikov, Evgeny"]
[Result "1/2-1/2"]
[WhiteElo "2508"]
[BlackElo "2555"]
[PlyCount "76"]
[EventDate "2000.12.04"]
[Source "ChessBase"]
[SourceDate "2001.01.11"]

1. e4 c5 2. Ne2 Nf6 3. Nbc3 e5 4. d3 d5 5. Bg5 d4 6. Nd5 Be7 7. Nxe7 Qxe7 8. Ng3 h6 9. Bd2 Nc6 10. Be2 Be6 11. O-O g5 12. a3 Kf8 13. h3 Qd7 14. c3 Kg7 15. c4 Ne7 16. b4 b6 17. Rb1 Rab8 18. a4 Ng6 19. bxc5 bxc5 20. Rb5 Rxb5 21. axb5 Nf4 22. Bxf4 exf4 23. Nh5+ Nxh5 24. Bxh5 a6 25. b6 Rb8 26. Qb3 a5 27. Rb1 a4 28. Qb2 Qc6 29. Bg4 a3 30. Qxa3 Bxg4 31. hxg4 Rxb6 32. Rxb6 Qxb6 33. f3 Qb4 34. Qa1 Qb3 35. Qa5 Qxd3 36. Qxc5 Qc3 37. Qe5+ Kh7 38. c5 Qe1+ 1/2-1/2

[Event "It (Open) Cannes FRA"]
[Site "?"]
[Date "2006.02.14"]
[Round "4.5"]
[White "Mariano Nelson"]
[Black "Ivanisevic Ivan"]
[Result "1/2-1/2"]
[WhiteElo "2466"]
[BlackElo "2588"]
[PlyCount "66"]
[EventDate "2006.??.??"]
[Source "www.chesslib.no"]
[SourceDate "2004.05.04"]

1. e4 c5 2. Ne2 Nc6 3. Nbc3 e6 4. g3 d5 5. exd5 exd5 6. Bg2 Nf6 7. Nf4 Bg4 8. f3 Bc8 9. d3 Be7 10. O-O O-O 11. a3 h6 12. h4 Bd6 13. Nce2 d4 14. c4 a5 15. Nh3 Re8 16. Nef4 Bxh3 17. Bxh3 Bxf4 18. Bxf4 Nh5 19. Qd2 Nxf4 20. Qxf4 Re3 21. Bf5 Ne5 22. Rae1 g5 23. hxg5 hxg5 24. Qxe5 Rxe5 25. Rxe5 Qd6 26. f4 gxf4 27. Rd5 Qb6 28. Rxf4 Qxb2 29. Be6 Qc1+ 30. Kg2 Qd2+ 31. Kh3 Kg7 32. Rg5+ Kh6 33. Rgg4 fxe6 1/2-1/2

[Event "Chigorin Memorial"]
[Site "St. Petersburg"]
[Date "2004.10.23"]
[Round "8.13"]
[White "Popov, Valerij"]
[Black "Anisimov, Pavel"]
[Result "1-0"]
[WhiteElo "2583"]
[BlackElo "2470"]
[PlyCount "83"]
[EventDate "2004.10.15"]
[Source "Roberto Alvarez"]
[SourceDate "2004.11.08"]

1. e4 c5 2. Ne2 d6 3. g3 Nc6 4. Bg2 g6 5. c3 Bg7 6. d4 e5 7. d5 Nce7 8. Nd2 Nh6 9. a4 O-O 10. O-O b6 11. Ra3 Ba6 12. c4 Rb8 13. b4 cxb4 14. Rb3 Ng4 15. Rxb4 f5 16. Nc3 Nf6 17. Nb5 Bxb5 18. axb5 fxe4 19. Nxe4 Nxe4 20. Bxe4 Kh8 21. Ra4 Rb7 22. Bg5 Qc7 23. Qg4 Qc8 24. Qe6 Qc7 25. h4 Nf5 26. h5 Nd4 27. Qh3 Qd7 28. Qh4 gxh5 29. Qxh5 Bf6 30. Bh6 Qf7 31. Qd1 Rg8 32. Kg2 Bg5 33. Rh1 Qf6 34. Qh5 Rf7 35. Ra2 Bxh6 36. Qxh6 Qxh6 37. Rxh6 Rd8 38. Ra1 Nf5 39. Bxf5 Rxf5 40. Rxa7 Rg5 41. Raxh7+ Kg8 42. Rh8+ 1-0

[Event "Katowice Open"]
[Site "Katowice POL"]
[Date "1991.??.??"]
[Round "11"]
[White "Balashov, Yuri S"]
[Black "Dydyshko, Viacheslav"]
[Result "1/2-1/2"]
[WhiteElo "2580"]
[BlackElo "2470"]
[PlyCount "101"]
[EventDate "1991.??.??"]
[Source "www.chesslib.no"]
[SourceDate "2004.05.04"]

1. e4 c5 2. Ne2 d6 3. g3 Nc6 4. Bg2 Nf6 5. O-O e6 6. c3 Be7 7. d4 O-O 8. Na3 Qc7 9. Be3 a6 10. Rc1 b6 11. Nf4 Bb7 12. Re1 Rfe8 13. Nh5 Nxh5 14. Qxh5 Nb8 15. Qe2 Nd7 16. Nc2 Rac8 17. f3 b5 18. Qd2 Nf6 19. b3 Nd7 20. Red1 cxd4 21. cxd4 Qc3 22. Nb4 Qxd2 23. Bxd2 d5 24. exd5 Bxb4 25. Bxb4 Bxd5 26. Ba5 Kf8 27. Kf2 Ke7 28. Bb4+ Kd8 29. Bf1 Nb8 30. Bc5 Nc6 31. Bd3 Kd7 32. g4 h5 33. h3 Rh8 34. Kg3 g6 35. Re1 Rb8 36. Re3 a5 37. Rce1 b4 38. Be4 Rh7 39. g5 Ra8 40. Bxd5 exd5 41. f4 Rg7 42. f5 h4+ 43. Kf4 gxf5 44. Be7 Rgg8 45. Bf6 Rge8 46. Kxf5 Rxe3 47. Rxe3 a4 48. bxa4 Rxa4 49. Re2 b3 50. axb3 Rxd4 51. Re3 1/2-1/2

[Event "Oberwart op"]
[Site "Oberwart"]
[Date "2002.07.12"]
[Round "8"]
[White "Kupreichik, Viktor D"]
[Black "Cvitan, Ognjen"]
[Result "0-1"]
[WhiteElo "2466"]
[BlackElo "2574"]
[PlyCount "74"]
[EventDate "2002.07.05"]
[Source "ChessBase"]
[SourceDate "2002.09.11"]

1. e4 c5 2. Ne2 d6 3. g3 Nc6 4. Bg2 g6 5. c3 Bg7 6. d4 cxd4 7. cxd4 Bg4 8. f3 Bd7 9. Nbc3 e5 10. Be3 Nge7 11. Qd2 O-O 12. O-O f5 13. Rad1 fxe4 14. Nxe4 Nf5 15. dxe5 Nxe3 16. Qxe3 dxe5 17. Qb3+ Kh8 18. Qxb7 Nd4 19. Nxd4 exd4 20. f4 Rb8 21. Qxa7 Rxb2 22. Rxd4 Qb8 23. Qc5 Rc8 24. Qd6 Qa7 25. Nc5 Qxa2 26. Bf3 Bh3 27. Ra4 Rg2+ 28. Kh1 Rf2 29. Rxf2 Qxf2 30. Qd1 Qxc5 31. Ra8 Rxa8 32. Bxa8 h5 33. Bg2 Bf5 34. h3 Qf2 35. Qd8+ Kh7 36. Qg5 Qe1+ 37. Kh2 Bd4 0-1

[Event "Kstovo"]
[Site "?"]
[Date "1998.??.??"]
[Round "9"]
[White "Balashov Yuri S"]
[Black "Zagrebelny Sergey"]
[Result "1/2-1/2"]
[WhiteElo "2555"]
[BlackElo "2485"]
[PlyCount "62"]
[EventDate "1998.??.??"]
[Source "www.chesslib.no"]
[SourceDate "2004.05.04"]

1. e4 c5 2. Ne2 d6 3. g3 g6 4. Bg2 Bg7 5. c3 Nc6 6. d4 Nf6 7. O-O O-O 8. h3 e5 9. d5 Ne7 10. Na3 Ne8 11. f4 f5 12. fxe5 dxe5 13. Be3 fxe4 14. Bxc5 Rxf1+ 15. Qxf1 Nxd5 16. Rd1 Nef6 17. Kh2 Qc7 18. Bf2 Be6 19. Ng1 a6 20. Qe2 Rf8 21. Rf1 b5 22. Be1 Re8 23. Bd2 e3 24. Bxe3 Nxe3 25. Qxe3 Bxa2 26. Nf3 h6 27. Nd2 e4 28. Nxe4 Nxe4 29. Bxe4 Qe5 30. Re1 Kh8 31. Nc2 Bf7 1/2-1/2

[Event "7th BayEM"]
[Site "Bad Wiessee"]
[Date "2003.11.11"]
[Round "4"]
[White "Landa, Konstantin"]
[Black "Bromberger, Stefan"]
[Result "1-0"]
[WhiteElo "2587"]
[BlackElo "2448"]
[PlyCount "63"]
[EventDate "2003.11.08"]
[Source "Roberto Alvarez"]
[SourceDate "2003.11.17"]

1. e4 c5 2. Ne2 d6 3. g3 Nc6 4. Bg2 Nf6 5. O-O Bg4 6. f3 Bd7 7. c3 d5 8. d3 Qc7 9. Bg5 dxe4 10. dxe4 Rd8 11. Nd2 Ne5 12. Bf4 e6 13. Nc4 Bb5 14. Qb3 Bxc4 15. Bxe5 Qxe5 16. Qxc4 a6 17. Qa4+ Rd7 18. Rad1 Qc7 19. c4 Kd8 20. f4 Kc8 21. e5 Rxd1 22. Rxd1 Nd7 23. Rd3 Be7 24. Rb3 Nb6 25. Qa5 Bd8 26. Nc3 Nxc4 27. Qxc7+ Bxc7 28. Bxb7+ Kd7 29. Na4 Ke7 30. Bxa6 Na5 31. Rb5 Ra8 32. Rxc5 1-0

[Event "Warsaw zt-B"]
[Site "Warsaw"]
[Date "1987.??.??"]
[Round "?"]
[White "Georgiev, Krum"]
[Black "Suba, Mihai"]
[Result "0-1"]
[WhiteElo "2470"]
[BlackElo "2560"]
[PlyCount "156"]
[EventDate "1987.02.??"]
[Source "ChessBase"]

1. e4 c5 2. Ne2 e6 3. g3 d5 4. d3 dxe4 5. dxe4 Qxd1+ 6. Kxd1 b6 7. a4 Bb7 8. f3 Nc6 9. Na3 h5 10. Ke1 O-O-O 11. Nc3 h4 12. Bg2 Nd4 13. Kf2 hxg3+ 14. hxg3 Rxh1 15. Bxh1 c4 16. a5 Bc5 17. Kg2 b5 18. Ncxb5 Nxb5 19. Nxb5 Ba6 20. Nc3 Ne7 21. Na4 Bd6 22. Be3 Nc6 23. Rd1 Bb5 24. Nc3 Ba6 25. f4 Bc7 26. Kf2 Bxa5 27. e5 Bxc3 28. Rxd8+ Nxd8 29. bxc3 Bb7 30. Bf3 a5 31. Be2 Bd5 32. Bc5 Kb7 33. Ke3 Kc6 34. Kd4 Kb5 35. Bd6 Nb7 36. Bf8 g6 37. Ke3 Nd8 38. g4 Nc6 39. Bd6 a4 40. Bd1 Kb6 41. Kd2 Na7 42. Be2 Nb5 43. Bb4 Nc7 44. Ke3 Kc6 45. Bf1 Bh1 46. Bxc4 Nd5+ 47. Bxd5+ Kxd5 48. Kd3 Be4+ 49. Kd2 g5 50. fxg5 Kxe5 51. Ke3 Kd5 52. Kd2 Kc4 53. Ba3 Bf3 54. g6 fxg6 55. g5 Be4 56. Bb4 Kd5 57. Ke3 Bg2 58. Kd3 Bf1+ 59. Ke3 Ke5 60. Ba3 Kf5 61. Be7 e5 62. Bd6 Ba6 63. Be7 Bc4 64. Kf3 e4+ 65. Ke3 Bd5 66. Ke2 Kf4 67. Kf2 e3+ 68. Ke2 Bc4+ 69. Ke1 Kf3 70. Ba3 e2 71. Bb2 Bd5 72. Ba3 Be4 73. c4 Bxc2 74. c5 Be4 75. Bc1 Bc6 76. Ba3 Ke3 77. Bc1+ Kd3 78. Ba3 Bb5 0-1